<?xml version="1.0" encoding="UTF-8"?>
<record
    xmlns:xsi="http://www.w3.org/2001/XMLSchema-instance"
    xsi:schemaLocation="http://www.loc.gov/MARC21/slim http://www.loc.gov/standards/marcxml/schema/MARC21slim.xsd"
    xmlns="http://www.loc.gov/MARC21/slim">

  <leader>02464nam a2200421   4500</leader>
  <controlfield tag="003">OSt</controlfield>
  <controlfield tag="005">20260512081817.0</controlfield>
  <controlfield tag="008">260512b        |||||||| |||| 00| 0 aze d</controlfield>
  <datafield tag="040" ind1=" " ind2=" ">
    <subfield code="a">AZ-XaKU</subfield>
    <subfield code="b">aze</subfield>
    <subfield code="c">AZ-XaKU</subfield>
  </datafield>
  <datafield tag="041" ind1=" " ind2=" ">
    <subfield code="a">aze</subfield>
  </datafield>
  <datafield tag="050" ind1="0" ind2="4">
    <subfield code="a">QA402.5 .N114 2015</subfield>
  </datafield>
  <datafield tag="100" ind1="1" ind2=" ">
    <subfield code="a">N&#x259;biyev, R.N,</subfield>
    <subfield code="e">m&#xFC;&#x259;llif.</subfield>
  </datafield>
  <datafield tag="245" ind1="1" ind2=" ">
    <subfield code="a">Avtomatik optimalla&#x15F;d&#x131;rma sisteminin modell&#x259;&#x15F;dirilm&#x259;si</subfield>
    <subfield code="c">/ R.N.N&#x259;biyev, V.&#x130;.Finayev, A.A.Aybazova, &#x18F;.T.H&#x259;z&#x259;rxanov, A.Y.Mol&#xE7;anov, &#x130;.M.Skubilin; r&#x259;y&#xE7;il&#x259;r V.N.&#x130;van&#xE7;enko, A.Z.M&#x259;likov ;t&#x259;rc&#xFC;m&#x259;&#xE7;il&#x259;r A.&#x18F;.Abdullab&#x259;yli, F.&#x18F;.Mahmudlu</subfield>
  </datafield>
  <datafield tag="264" ind1=" " ind2=" ">
    <subfield code="a">Bak&#x131;:</subfield>
    <subfield code="b">"Az&#x259;rbaycan Hava Yollar&#x131;",</subfield>
    <subfield code="c">2015.</subfield>
  </datafield>
  <datafield tag="300" ind1=" " ind2=" ">
    <subfield code="a">232 s&#x259;hif&#x259; ;</subfield>
    <subfield code="c">21 sm.</subfield>
  </datafield>
  <datafield tag="336" ind1=" " ind2=" ">
    <subfield code="a">text</subfield>
    <subfield code="b">txt</subfield>
    <subfield code="2">rdacontent</subfield>
  </datafield>
  <datafield tag="337" ind1=" " ind2=" ">
    <subfield code="a">unmediated</subfield>
    <subfield code="b">n</subfield>
    <subfield code="2">rdamedia</subfield>
  </datafield>
  <datafield tag="338" ind1=" " ind2=" ">
    <subfield code="a">volume </subfield>
    <subfield code="b">nc</subfield>
    <subfield code="2">rdacarrier</subfield>
  </datafield>
  <datafield tag="504" ind1=" " ind2=" ">
    <subfield code="a">&#x18F;d&#x259;biyyat siyah&#x131;s&#x131;: s. 212-228</subfield>
  </datafield>
  <datafield tag="505" ind1="0" ind2=" ">
    <subfield code="a">Giri&#x15F; -- 1. Qeyri-m&#xFC;&#x259;yy&#x259;nlik &#x15F;&#x259;raitind&#x259; avtomatik optimalla&#x15F;d&#x131;rma sisteminin sintezi metodlar&#x131;n t&#x259;hlilli -- 2. Qeyri-s&#x259;lis adaptiv avtomatik optimalla&#x15F;d&#x131;rma sisteml&#x259;rinin alqoritml&#x259;ri -- 3. Avtomatik optimalla&#x15F;d&#x131;rma sistem&#x259;rinin modell&#x259;&#x15F;dirilm&#x259;si metodlar&#x131; -- 4. Texniki obyektl&#x259;rin optimalla&#x15F;d&#x131;r&#x131;lmas&#x131; m&#x259;s&#x259;l&#x259;l&#x259;rind&#x259; qeyri-s&#x259;lis modell&#x259;rin t&#x259;tbiqi </subfield>
  </datafield>
  <datafield tag="520" ind1=" " ind2=" ">
    <subfield code="a">Monoqrafiyada zaman v&#x259; &#x259;traf m&#xFC;hitin qeyri-m&#xFC;&#x259;yy&#x259;nlik &#x15F;&#x259;raitind&#x259; m&#xFC;r&#x259;kk&#x259;b obyektl&#x259;rin avtomatik idar&#x259;etm&#x259; v&#x259; optimalla&#x15F;d&#x131;rma sisteml&#x259;rinin sintezi metodlar&#x131;n&#x131;n analizi apar&#x131;lm&#x131;&#x15F;d&#x131;r. Adaptiv idar&#x259;etm&#x259; sisteml&#x259;rinin strukturuna v&#x259; texniki obyektl&#x259;r &#xFC;&#xE7;&#xFC;n idar&#x259;etm&#x259; vasit&#x259;l&#x259;rinin qeyri-s&#x259;lis statistik optimalla&#x15F;d&#x131;rma modell&#x259;rin&#x259; bax&#x131;lm&#x131;&#x15F;d&#x131;r.</subfield>
  </datafield>
  <datafield tag="521" ind1=" " ind2=" ">
    <subfield code="a">N&#x259;&#x15F;r elmi v&#x259; texniki i&#x15F;&#xE7;il&#x259;r, texniki ali m&#x259;kt&#x259;b t&#x259;l&#x259;b&#x259;l&#x259;ri v&#x259; aspirantlar&#x131; &#xFC;&#xE7;&#xFC;n t&#x259;yin olunmu&#x15F;dur.</subfield>
  </datafield>
  <datafield tag="546" ind1=" " ind2=" ">
    <subfield code="a">Monoqrafiya Az&#x259;rbaycan D&#xF6;vl&#x259;t Neft &#x15E;irk&#x259;tinin "Elm Fondu"nun qrant&#x131; il&#x259; t&#x259;rc&#xFC;m&#x259; edilmi&#x15F;dir.</subfield>
  </datafield>
  <datafield tag="650" ind1=" " ind2="7">
    <subfield code="a">M&#xFC;h&#x259;dislik</subfield>
    <subfield code="2">AZ-XaKU</subfield>
  </datafield>
  <datafield tag="655" ind1=" " ind2=" ">
    <subfield code="2">AZ-XaKU</subfield>
    <subfield code="a">D&#x259;rslik</subfield>
  </datafield>
  <datafield tag="700" ind1="1" ind2=" ">
    <subfield code="a">Finayev, V.&#x130;,</subfield>
    <subfield code="q">m&#xFC;&#x259;llif.</subfield>
  </datafield>
  <datafield tag="700" ind1="1" ind2=" ">
    <subfield code="a">Aybazova, A.A,</subfield>
    <subfield code="q">m&#xFC;&#x259;llif.</subfield>
  </datafield>
  <datafield tag="700" ind1="1" ind2=" ">
    <subfield code="a">H&#x259;z&#x259;rxanov, &#x18F;.T,</subfield>
    <subfield code="q">m&#xFC;&#x259;llif.</subfield>
  </datafield>
  <datafield tag="700" ind1="1" ind2=" ">
    <subfield code="a">Mol&#xE7;anov, A.Y,</subfield>
    <subfield code="q">m&#xFC;&#x259;llif.</subfield>
  </datafield>
  <datafield tag="700" ind1="1" ind2=" ">
    <subfield code="a">Skubilin, &#x130;.M,</subfield>
    <subfield code="q">m&#xFC;&#x259;llif.</subfield>
  </datafield>
  <datafield tag="700" ind1="1" ind2=" ">
    <subfield code="a">&#x130;van&#xE7;enko, V.N,</subfield>
    <subfield code="q">r&#x259;y&#xE7;i.</subfield>
  </datafield>
  <datafield tag="700" ind1="1" ind2=" ">
    <subfield code="a">M&#x259;likov, A.Z,</subfield>
    <subfield code="q">r&#x259;y&#xE7;i.</subfield>
  </datafield>
  <datafield tag="700" ind1="1" ind2=" ">
    <subfield code="a">Abdullab&#x259;yli, A.&#x18F;,</subfield>
    <subfield code="q">t&#x259;rc&#xFC;m&#x259;&#xE7;i.</subfield>
  </datafield>
  <datafield tag="700" ind1="1" ind2=" ">
    <subfield code="a">Mahmudlu, F.&#x18F;,</subfield>
    <subfield code="q">t&#x259;rc&#xFC;m&#x259;&#xE7;i.</subfield>
  </datafield>
  <datafield tag="700" ind1="1" ind2=" ">
    <subfield code="a">M&#x259;mm&#x259;dova, G.&#x18F;, </subfield>
    <subfield code="q">korrektor.</subfield>
  </datafield>
  <datafield tag="942" ind1=" " ind2=" ">
    <subfield code="c">BOOK</subfield>
  </datafield>
  <datafield tag="999" ind1=" " ind2=" ">
    <subfield code="c">415</subfield>
    <subfield code="d">415</subfield>
  </datafield>
  <datafield tag="952" ind1=" " ind2=" ">
    <subfield code="0">0</subfield>
    <subfield code="1">0</subfield>
    <subfield code="2">lcc</subfield>
    <subfield code="4">0</subfield>
    <subfield code="7">0</subfield>
    <subfield code="8">GC</subfield>
    <subfield code="a">KU</subfield>
    <subfield code="b">KU</subfield>
    <subfield code="d">2026-05-12</subfield>
    <subfield code="l">0</subfield>
    <subfield code="o">QA402.5 .N114 2015</subfield>
    <subfield code="p">0000000333</subfield>
    <subfield code="r">2026-05-12 08:18:56</subfield>
    <subfield code="t">1</subfield>
    <subfield code="w">2026-05-12</subfield>
    <subfield code="y">BOOK</subfield>
  </datafield>
</record>
